[Event "Titled Tuesday 2021.06.08"]
[Site "chess.com INT"]
[Date "2021.06.08"]
[Round "9"]
[White "Hambleton, Aman"]
[Black "Perrine, Dalton"]
[Result "1-0"]
[WhiteElo "2454"]
[BlackElo "2226"]
[PlyCount "71"]
[EventDate "2021.06.08"]
[EventType "swiss (blitz)"]
[EventRounds "11"]
[EventCountry "NET"]
[Source "Mark Crowther"]
[SourceDate "2021.06.14"]

1. d4 Nf6 2. Bf4 c5 3. e3 Qb6 4. Na3 Qxb2 5. Nb5 Nd5 6. Rb1 Qxa2 7. Ra1 Qb2 8.
Rb1 Qa2 9. c4 Qa5+ 10. Qd2 Qxd2+ 11. Kxd2 Nxf4 12. Nc7+ Kd8 13. Nxa8 Nh5 14.
Nf3 e6 15. Ne5 Ke7 16. g4 Nf6 17. Bg2 Nc6 18. g5 Ne8 19. Nxc6+ dxc6 20. Ra1
cxd4 21. exd4 Kd7 22. Rxa7 Bb4+ 23. Kd3 Nd6 24. Rb1 c5 25. Nb6+ Kc7 26. Nxc8
Rxc8 27. dxc5 Bxc5 28. Bxb7 Bxa7 29. Bxc8 Nxc8 30. Rb3 Nd6 31. Ke2 Ne4 32. f4
Nd6 33. Rh3 Nf5 34. Rxh7 Kd6 35. Rh8 Be3 36. Kf3 1-0

[Event "Titled Tuesday 2021.06.08"]
[Site "chess.com INT"]
[Date "2021.06.08"]
[Round "10"]
[White "Hambleton, Aman"]
[Black "Jakubowski, K."]
[Result "1/2-1/2"]
[WhiteElo "2454"]
[BlackElo "2497"]
[PlyCount "76"]
[EventDate "2021.06.08"]
[EventType "swiss (blitz)"]
[EventRounds "11"]
[EventCountry "NET"]
[Source "Mark Crowther"]
[SourceDate "2021.06.14"]

1. d4 Nf6 2. Bf4 d5 3. e3 e6 4. Nd2 Bd6 5. Ngf3 Bxf4 6. exf4 O-O 7. Bd3 b6 8.
Qe2 c5 9. c3 a5 10. O-O Ba6 11. Bxa6 Nxa6 12. Rfe1 Qc7 13. g3 a4 14. a3 g6 15.
Rad1 cxd4 16. Nxd4 Nc5 17. N2f3 Nfe4 18. Kg2 Rfe8 19. Ne5 f6 20. Nd3 Kg7 21. f3
Nxd3 22. Rxd3 Nc5 23. Re3 e5 24. fxe5 fxe5 25. Rxe5 Rxe5 26. Qxe5+ Qxe5 27.
Rxe5 Kf6 28. Rxd5 Re8 29. Rd6+ Kg7 30. Kf1 Kh6 31. h4 Kh5 32. Kg2 Nd3 33. Ne6
Kh6 34. Ng5 Re2+ 35. Kh3 Nf2+ 36. Kg2 Nd3+ 37. Kh3 Nf2+ 38. Kg2 Nd3+ 1/2-1/2

[Event "Titled Tuesday 2021.06.08"]
[Site "chess.com INT"]
[Date "2021.06.08"]
[Round "11"]
[White "Perez Rodriguez, Luis Manuel"]
[Black "Hambleton, Aman"]
[Result "1-0"]
[WhiteElo "2324"]
[BlackElo "2454"]
[PlyCount "143"]
[EventDate "2021.06.08"]
[EventType "swiss (blitz)"]
[EventRounds "11"]
[EventCountry "NET"]
[Source "Mark Crowther"]
[SourceDate "2021.06.14"]

1. e4 b6 2. d4 Bb7 3. Bd3 e6 4. Nf3 d5 5. exd5 Qxd5 6. Nc3 Bb4 7. Qe2 Nf6 8.
Bd2 Bxc3 9. bxc3 Qh5 10. a4 Nbd7 11. a5 O-O 12. a6 Bc6 13. O-O Rfe8 14. Rfe1 h6
15. Bf4 Rac8 16. c4 Bxf3 17. Qxf3 Qxf3 18. gxf3 c5 19. c3 Red8 20. Bf1 cxd4 21.
cxd4 Nb8 22. Be3 Nc6 23. Red1 Rd7 24. d5 exd5 25. Bh3 Rcd8 26. Bxd7 Rxd7 27.
cxd5 Rxd5 28. Rdc1 Rd6 29. Bxb6 axb6 30. Rxc6 Rxc6 31. a7 Rc8 32. a8=Q Rxa8 33.
Rxa8+ Kh7 34. Rb8 g6 35. Rxb6 Kg7 36. Kg2 Nd5 37. Ra6 Nf4+ 38. Kf1 Ne6 39. Ra4
Kf6 40. Rc4 Ng7 41. Kg2 Nf5 42. Rc6+ Kg7 43. Ra6 Kg8 44. f4 Kg7 45. Kf3 h5 46.
Ke4 Nh6 47. h3 Nf5 48. Ra5 Kf6 49. Rxf5+ gxf5+ 50. Kd5 h4 51. Kd6 Kg7 52. Ke5
Kg6 53. f3 Kg7 54. Kxf5 f6 55. Kg4 Kg6 56. Kxh4 f5 57. Kg3 Kh5 58. Kf2 Kh4 59.
Ke3 Kg3 60. h4 Kxh4 61. Kd4 Kh5 62. Ke5 Kg6 63. Ke6 Kg7 64. Kxf5 Kf7 65. Ke5
Kf8 66. Kf6 Kg8 67. Ke7 Kg7 68. f5 Kg8 69. f6 Kh8 70. f7 Kh7 71. f4 Kg6 72.
f8=Q 1-0

[Event "Titled Tuesday 2021.04.13"]
[Site "chess.com INT"]
[Date "2021.04.13"]
[Round "1"]
[White "Hambleton, Aman"]
[Black "Marra, E."]
[Result "0-1"]
[WhiteElo "2454"]
[BlackElo "2200"]
[PlyCount "94"]
[EventDate "2021.04.13"]
[EventType "swiss (blitz)"]
[EventRounds "11"]
[EventCountry "NET"]
[Source "Mark Crowther"]
[SourceDate "2021.04.19"]

1. d4 d5 2. Bf4 Nf6 3. e3 c5 4. c3 Nc6 5. Nd2 Bf5 6. Qb3 Qc8 7. Ngf3 e6 8. h3
Be7 9. Be2 O-O 10. O-O c4 11. Qd1 h6 12. a4 a6 13. a5 Qd8 14. b4 Ne4 15. Nxe4
Bxe4 16. Nd2 Bh7 17. e4 Na7 18. e5 Nb5 19. Rc1 Rc8 20. Re1 Bg5 21. Bxg5 Qxg5
22. Nf3 Qe7 23. Qd2 Kh8 24. Bd1 Be4 25. Nh2 Nc7 26. Ba4 Rcd8 27. f3 Bd3 28. f4
Be4 29. Re3 f6 30. Bc2 Bxc2 31. Rxc2 f5 32. g4 Nb5 33. Rg3 Qh4 34. Qg2 fxg4 35.
Rxg4 Qe1+ 36. Nf1 Nxc3 37. Rxg7 Rg8 38. Rg4 h5 39. Rg5 Rxg5 40. fxg5 Rf8 41.
Kh2 Ne4 42. Ng3 Nxg3 43. Qxg3 Qe4 44. Rf2 Rf5 45. Rxf5 Qxf5 46. h4 Qc2+ 47. Kh3
Qb3 0-1

[Event "Titled Tuesday 2021.04.13"]
[Site "chess.com INT"]
[Date "2021.04.13"]
[Round "2"]
[White "Morgunov, Marc"]
[Black "Hambleton, Aman"]
[Result "0-1"]
[WhiteElo "2385"]
[BlackElo "2454"]
[PlyCount "70"]
[EventDate "2021.04.13"]
[EventType "swiss (blitz)"]
[EventRounds "11"]
[EventCountry "NET"]
[Source "Mark Crowther"]
[SourceDate "2021.04.19"]

1. e4 c6 2. Nc3 d5 3. Nf3 dxe4 4. Nxe4 Nf6 5. Qe2 Nxe4 6. Qxe4 Qa5 7. Qe3 Bf5
8. Bc4 e6 9. O-O Nd7 10. d4 Bd6 11. Nh4 Bg4 12. h3 Qh5 13. Qg5 Qxg5 14. Bxg5
Bh5 15. Be3 O-O 16. c3 Be7 17. Nf3 Bxf3 18. gxf3 Rfe8 19. Kg2 Bd6 20. f4 g6 21.
Kf3 Nf6 22. b4 b5 23. Bd3 a5 24. a3 Nd5 25. Bd2 axb4 26. axb4 Kf8 27. h4 h5 28.
Ra5 Bc7 29. Raa1 Ke7 30. c4 bxc4 31. Bxc4 Reb8 32. Rxa8 Rxa8 33. b5 Ra3+ 34.
Kg2 Ra4 35. Bb3 Rxd4 0-1

[Event "Titled Tuesday 2021.04.13"]
[Site "chess.com INT"]
[Date "2021.04.13"]
[Round "3"]
[White "Hambleton, Aman"]
[Black "Barski, Radoslaw"]
[Result "0-1"]
[WhiteElo "2454"]
[BlackElo "2441"]
[PlyCount "126"]
[EventDate "2021.04.13"]
[EventType "swiss (blitz)"]
[EventRounds "11"]
[EventCountry "NET"]
[Source "Mark Crowther"]
[SourceDate "2021.04.19"]

1. e4 c5 2. Nf3 Nc6 3. Bb5 Nf6 4. Bxc6 dxc6 5. d3 g6 6. h3 Bg7 7. O-O O-O 8.
Nbd2 b6 9. Qe2 Qc7 10. a3 e5 11. b4 cxb4 12. axb4 Nh5 13. Nc4 Be6 14. Be3 Nf4
15. Qd2 Rfd8 16. Qe1 b5 17. Na5 Qd7 18. Ng5 h6 19. Nxe6 Nxe6 20. Nb3 Bf8 21.
Ra6 Rdc8 22. Qc3 Bg7 23. Rfa1 Nf4 24. Kh2 Ne2 25. Qd2 Nd4 26. Nxd4 exd4 27.
Bxh6 Bxh6 28. Qxh6 Qd6+ 29. f4 Rc7 30. Rb1 Re8 31. Qg5 Rce7 32. Qc5 Qxc5 33.
bxc5 Rc7 34. Rba1 Ree7 35. Kg3 Red7 36. Kf3 Kg7 37. g4 f6 38. h4 Kf7 39. Kg3
Re7 40. Rb1 f5 41. Kf3 fxe4+ 42. dxe4 Red7 43. Rd1 Rd8 44. Ra3 Rcd7 45. Rad3 a5
46. c3 a4 47. cxd4 b4 48. d5 b3 49. d6 Rb8 50. Rb1 Rdb7 51. f5 a3 52. e5 a2 53.
e6+ Kf6 54. Ra1 b2 55. Rxa2 b1=Q 56. Rad2 Rb3 57. Ke3 Rxd3+ 58. Rxd3 Rb3 59.
Kf4 Qc1+ 60. Ke4 Qe1+ 61. Kd4 Qf2+ 62. Kc4 Qc2+ 63. Rc3 Qxc3# 0-1

[Event "Titled Tuesday 2021.04.13"]
[Site "chess.com INT"]
[Date "2021.04.13"]
[Round "4"]
[White "Vivas Zamora, Fabian Ernesto"]
[Black "Hambleton, Aman"]
[Result "0-1"]
[WhiteElo "2344"]
[BlackElo "2454"]
[PlyCount "48"]
[EventDate "2021.04.13"]
[EventType "swiss (blitz)"]
[EventRounds "11"]
[EventCountry "NET"]
[Source "Mark Crowther"]
[SourceDate "2021.04.19"]

1. c4 e5 2. Nc3 Nf6 3. Nf3 d6 4. d4 Nbd7 5. g3 Be7 6. Bg2 O-O 7. O-O c6 8. b3
Re8 9. e4 Qc7 10. h3 a6 11. a4 a5 12. Bb2 Bf8 13. Rc1 exd4 14. Qxd4 Nc5 15. Qd1
Nfxe4 16. Nxe4 Nxe4 17. Nd4 Bd7 18. Qc2 Nc5 19. Qc3 Rad8 20. Rcd1 Bc8 21. Nc2
Qb6 22. Nd4 Re5 23. Rfe1 Rde8 24. Rxe5 dxe5 0-1

[Event "Titled Tuesday 2021.04.13"]
[Site "chess.com INT"]
[Date "2021.04.13"]
[Round "5"]
[White "Hambleton, Aman"]
[Black "Rozhkov, Ve"]
[Result "1-0"]
[WhiteElo "2454"]
[BlackElo "2248"]
[PlyCount "67"]
[EventDate "2021.04.13"]
[EventType "swiss (blitz)"]
[EventRounds "11"]
[EventCountry "NET"]
[Source "Mark Crowther"]
[SourceDate "2021.04.19"]

1. e4 c5 2. Nf3 d6 3. Bb5+ Nd7 4. O-O a6 5. Bd3 e6 6. c3 Ngf6 7. Re1 Qc7 8. Bc2
b5 9. d4 Bb7 10. a4 b4 11. d5 e5 12. cxb4 cxb4 13. a5 Nc5 14. Bd2 b3 15. Bxb3
Nfxe4 16. Ba4+ Kd8 17. Be3 Be7 18. Bc2 f5 19. Nbd2 Nxd2 20. Qxd2 f4 21. Bxc5
Qxc5 22. Be4 Qb5 23. Rac1 Rc8 24. h4 g6 25. Nxe5 dxe5 26. d6 Bf6 27. Rxc8+ Kxc8
28. Rc1+ Kb8 29. Bxb7 Qxb7 30. Rc4 Ka8 31. Rc7 Qb5 32. Qc2 Rd8 33. Rc8+ Kb7 34.
Qc7# 1-0

[Event "Titled Tuesday 2021.04.13"]
[Site "chess.com INT"]
[Date "2021.04.13"]
[Round "7"]
[White "Ronka, E."]
[Black "Hambleton, Aman"]
[Result "0-1"]
[WhiteElo "2303"]
[BlackElo "2454"]
[PlyCount "120"]
[EventDate "2021.04.13"]
[EventType "swiss (blitz)"]
[EventRounds "11"]
[EventCountry "NET"]
[Source "Mark Crowther"]
[SourceDate "2021.04.19"]

1. d4 e5 2. dxe5 Nc6 3. Nf3 Qe7 4. Bf4 Qb4+ 5. Bd2 Qxb2 6. Nc3 Bb4 7. Rb1 Qxc3
8. Bxc3 Bxc3+ 9. Nd2 Bxe5 10. e3 Nf6 11. Bd3 d5 12. O-O O-O 13. c4 d4 14. e4
Bd6 15. f4 Ng4 16. Qf3 Ne3 17. Rfe1 f6 18. h3 Rb8 19. Nb3 Be6 20. Rbc1 Ba3 21.
Rb1 Nxc4 22. Bxc4 Bxc4 23. Red1 Be7 24. Nd2 Bxa2 25. Rbc1 Bf7 26. Nb3 Rfd8 27.
Nc5 Nb4 28. e5 Bd5 29. Qg3 b6 30. Nd3 Nxd3 31. Qxd3 c5 32. Re1 fxe5 33. Rxe5
Bf6 34. Rf5 Bf7 35. Re1 c4 36. Qe4 Re8 37. Qb1 Rxe1+ 38. Qxe1 d3 39. Qf2 Rd8
40. Rxf6 gxf6 41. Qg3+ Kf8 42. Qe1 d2 43. Qd1 c3 44. Kf2 c2 45. Qxc2 d1=Q 46.
Qxh7 Rd2+ 47. Kg3 Qe1+ 48. Kg4 Qe2+ 49. Kh4 Qxg2 50. Qh8+ Ke7 51. Qh6 Rf2 52.
Qh8 Qf3 53. Qc8 Qxf4+ 54. Qg4 Qxg4+ 55. hxg4 Rb2 56. g5 fxg5+ 57. Kxg5 Kf8 58.
Kh6 Rg2 59. Kh7 Rg6 60. Kh8 Rh6# 0-1

[Event "Titled Tuesday 2021.04.13"]
[Site "chess.com INT"]
[Date "2021.04.13"]
[Round "8"]
[White "Hambleton, Aman"]
[Black "Iniyan, P."]
[Result "0-1"]
[WhiteElo "2454"]
[BlackElo "2506"]
[PlyCount "22"]
[EventDate "2021.04.13"]
[EventType "swiss (blitz)"]
[EventRounds "11"]
[EventCountry "NET"]
[Source "Mark Crowther"]
[SourceDate "2021.04.19"]

1. e4 c5 2. Ne2 d6 3. Nbc3 Nf6 4. g3 Nc6 5. d4 Bg4 6. Qd3 Nb4 7. Qd2 Bf3 8. Rg1
Nxe4 9. Qd1 Rc8 10. a3 cxd4 11. axb4 dxc3 0-1

[Event "Titled Tuesday 2021.04.13"]
[Site "chess.com INT"]
[Date "2021.04.13"]
[Round "9"]
[White "Lewtak, Da"]
[Black "Hambleton, Aman"]
[Result "0-1"]
[WhiteElo "2380"]
[BlackElo "2454"]
[PlyCount "124"]
[EventDate "2021.04.13"]
[EventType "swiss (blitz)"]
[EventRounds "11"]
[EventCountry "NET"]
[Source "Mark Crowther"]
[SourceDate "2021.04.19"]

1. d4 e5 2. dxe5 Nc6 3. Nf3 Qe7 4. Nc3 Nxe5 5. Nxe5 Qxe5 6. g3 Nf6 7. Bg2 Bc5
8. O-O d6 9. Bf4 Qh5 10. e4 Qxd1 11. Raxd1 Bg4 12. Rd3 O-O 13. Bg5 Nd7 14. h3
Be6 15. Nd5 h6 16. Bf4 Bb6 17. Rfd1 Ne5 18. Bxe5 dxe5 19. a3 Rfe8 20. Bf1 Kf8
21. Kg2 c6 22. Nxb6 axb6 23. f4 f6 24. Rd6 Ke7 25. R6d2 Ra4 26. f5 Bc8 27. Kf3
b5 28. Ke3 b4 29. axb4 Rxb4 30. c3 Ra4 31. Bd3 Rd8 32. Bc2 Rxd2 33. Rxd2 Ra1
34. h4 Rg1 35. Kf2 Rc1 36. Bd3 Bd7 37. Bc4 Be8 38. Bb3 Bh5 39. Be6 Be8 40. g4
Rb1 41. g5 hxg5 42. hxg5 fxg5 43. Ke3 g6 44. Rg2 Kf6 45. Rf2 g4 46. Bc8 g5 47.
Rg2 b5 48. b4 Rc1 49. Kd2 Rf1 50. Rxg4 Rf4 51. Rg3 Rxe4 52. Be6 Rf4 53. Rh3 Rh4
54. Rd3 g4 55. Rd8 Ke7 56. Ra8 Rh2+ 57. Ke1 g3 58. Kf1 Bh5 59. Ra7+ Kf6 60. Kg1
Bf3 61. Rf7+ Kg5 62. Rg7+ Kf4 0-1

[Event "Titled Tuesday 2021.04.13"]
[Site "chess.com INT"]
[Date "2021.04.13"]
[Round "10"]
[White "Abdrlauf, Elham"]
[Black "Hambleton, Aman"]
[Result "0-1"]
[WhiteElo "2338"]
[BlackElo "2454"]
[PlyCount "84"]
[EventDate "2021.04.13"]
[EventType "swiss (blitz)"]
[EventRounds "11"]
[EventCountry "NET"]
[Source "Mark Crowther"]
[SourceDate "2021.04.19"]

1. e4 b6 2. d4 Bb7 3. Bd3 e6 4. Nf3 d5 5. e5 Ba6 6. O-O Bxd3 7. Qxd3 Qd7 8.
Nbd2 Ne7 9. c3 c5 10. a4 c4 11. Qe2 Nbc6 12. h3 Na5 13. Ne1 O-O-O 14. Nc2 h5
15. Ne3 g6 16. b3 cxb3 17. Ba3 Nf5 18. Bb4 Nxd4 19. Qa6+ Qb7 20. Qd3 Ndc6 21.
Nf3 Nxb4 22. cxb4 Bxb4 23. Nd4 Kb8 24. Rab1 Rc8 25. Nxb3 Rc3 26. Nxa5 Bxa5 27.
Qd4 Rhc8 28. Rb5 Rc1 29. Rxc1 Rxc1+ 30. Kh2 Qc7 31. Qf4 Bc3 32. g3 Bxe5 33. Qh6
Bd4 34. a5 Bxe3 35. Qxe3 Rc5 36. Rb1 Rxa5 37. Rc1 Rc5 38. Ra1 Kb7 39. Qf3 a5
40. Rb1 Rc2 41. Kg2 Ka7 42. h4 Ka6 0-1

[Event "Titled Tuesday 2021.04.13"]
[Site "chess.com INT"]
[Date "2021.04.13"]
[Round "11"]
[White "Hambleton, Aman"]
[Black "Kobalija, Mihail"]
[Result "0-1"]
[WhiteElo "2454"]
[BlackElo "2587"]
[PlyCount "52"]
[EventDate "2021.04.13"]
[EventType "swiss (blitz)"]
[EventRounds "11"]
[EventCountry "NET"]
[Source "Mark Crowther"]
[SourceDate "2021.04.19"]

1. e4 c5 2. Nf3 e6 3. d3 Nc6 4. g3 g6 5. Bg2 Bg7 6. O-O Nge7 7. c3 e5 8. Be3 d6
9. d4 exd4 10. cxd4 Bg4 11. d5 Bxb2 12. dxc6 Bxa1 13. cxb7 Rb8 14. Bh6 Rxb7 15.
Nbd2 Bf6 16. Nc4 Rd7 17. Qa4 Qc7 18. e5 dxe5 19. Re1 Qc6 20. Qa5 Bxf3 21. Bh3
Rb7 22. Qc3 e4 23. Qd2 Bd4 24. Na5 Rb2 25. Qf4 Bxf2+ 26. Kf1 Qb5+ 0-1

[Event "Titled Tuesday 2021.03.23"]
[Site "chess.com INT"]
[Date "2021.03.23"]
[Round "1"]
[White "Hambleton, Aman"]
[Black "Serikbay, Assel"]
[Result "1-0"]
[WhiteElo "2454"]
[BlackElo "2228"]
[PlyCount "87"]
[EventDate "2021.03.23"]
[EventType "swiss (blitz)"]
[EventRounds "11"]
[EventCountry "NET"]
[Source "Mark Crowther"]
[SourceDate "2021.03.29"]

1. d4 d5 2. Bf4 Nf6 3. e3 c5 4. c3 Nc6 5. Nd2 Bf5 6. Qb3 Qb6 7. dxc5 Qxb3 8.
axb3 e5 9. Bg5 Bxc5 10. Bxf6 gxf6 11. b4 Be7 12. Ngf3 Rg8 13. Be2 Be6 14. g3 e4
15. Nh4 f5 16. Ng2 Ne5 17. Nb3 a6 18. Nd4 Rc8 19. Nf4 Kd7 20. b5 axb5 21. Bxb5+
Nc6 22. Ra7 Rc7 23. Rxb7 Rxb7 24. Bxc6+ Kc7 25. Bxb7 Kxb7 26. Nfxe6 fxe6 27.
Nxe6 Rb8 28. Kd2 Kc6 29. Kc2 Kd6 30. Nd4 Rf8 31. Ra1 h5 32. Ra6+ Kd7 33. h4 Bd6
34. Ra7+ Ke8 35. Ra8+ Ke7 36. Rxf8 Kxf8 37. Nxf5 Be5 38. Nd4 Bd6 39. b4 Ke7 40.
Kb3 Kd7 41. c4 dxc4+ 42. Kxc4 Bb8 43. Kd5 Ba7 44. Kxe4 1-0

[Event "Titled Tuesday 2021.03.23"]
[Site "chess.com INT"]
[Date "2021.03.23"]
[Round "2"]
[White "Kiremitciyan, Ari"]
[Black "Hambleton, Aman"]
[Result "0-1"]
[WhiteElo "2281"]
[BlackElo "2454"]
[PlyCount "66"]
[EventDate "2021.03.23"]
[EventType "swiss (blitz)"]
[EventRounds "11"]
[EventCountry "NET"]
[Source "Mark Crowther"]
[SourceDate "2021.03.29"]

1. e4 b6 2. d4 Bb7 3. Bd3 e6 4. Nf3 d5 5. exd5 Qxd5 6. Qe2 Nf6 7. O-O Bd6 8.
Re1 Qh5 9. Ne5 Qxe2 10. Rxe2 Nbd7 11. Nc4 Be7 12. Nc3 O-O 13. Bf4 Rfc8 14. a4
a6 15. Rd1 h6 16. h3 Bb4 17. f3 Kf8 18. Ne4 Nd5 19. Bc1 Be7 20. c3 Rd8 21. Ne3
Nf4 22. Ree1 Nxd3 23. Rxd3 c5 24. Kh2 Ne5 25. Rdd1 cxd4 26. cxd4 Ng6 27. Nc4
Rab8 28. g3 Bd5 29. Ne3 Bb3 30. Rd3 Bxa4 31. Rc3 Bb4 32. Rc4 Bxe1 33. Rxa4 a5
0-1

[Event "Titled Tuesday 2021.03.23"]
[Site "chess.com INT"]
[Date "2021.03.23"]
[Round "3"]
[White "Galperin, Platon"]
[Black "Hambleton, Aman"]
[Result "1-0"]
[WhiteElo "2474"]
[BlackElo "2454"]
[PlyCount "161"]
[EventDate "2021.03.23"]
[EventType "swiss (blitz)"]
[EventRounds "11"]
[EventCountry "NET"]
[Source "Mark Crowther"]
[SourceDate "2021.03.29"]

1. c4 e5 2. Nc3 Bb4 3. Nd5 Bc5 4. e3 c6 5. d4 Bf8 6. Nc3 d6 7. Nf3 Nd7 8. Be2
Ngf6 9. O-O Be7 10. e4 O-O 11. Be3 Ng4 12. Bd2 Re8 13. d5 a5 14. Ne1 Ngf6 15.
Nd3 Nf8 16. Rc1 Ng6 17. Be3 h6 18. a3 c5 19. b4 axb4 20. axb4 b6 21. Rb1 Bd7
22. f3 Nh5 23. Qd2 Bg5 24. bxc5 bxc5 25. Rb7 Bxe3+ 26. Qxe3 Ra3 27. Qc1 Ra6 28.
g3 Bc8 29. Rb8 Qe7 30. Qd2 Kh7 31. Rfb1 Bh3 32. f4 Nf6 33. f5 Nf8 34. Rxe8 Qxe8
35. Nf2 Ra3 36. Nxh3 Qa8 37. Nf2 Qa5 38. Rc1 N8d7 39. Nb1 Qxd2 40. Nxd2 Ra2 41.
Rd1 Nb6 42. Kf1 Na4 43. Ke1 Nc3 44. Rc1 Na4 45. Bd1 Nb6 46. Rb1 Na4 47. Bxa4
Rxa4 48. Rb2 h5 49. Ke2 g5 50. fxg6+ Kxg6 51. Rb6 Ne8 52. Nd3 Kg7 53. Nf1 Rxc4
54. Nf2 Rc2+ 55. Kf3 Rc3+ 56. Ne3 Nf6 57. Rxd6 Ng4 58. Nfxg4 hxg4+ 59. Ke2 Ra3
60. Nxg4 Kh7 61. Nxe5 Ra2+ 62. Kf3 Rxh2 63. Rf6 Kg8 64. Rxf7 Rh1 65. Rc7 Rc1
66. Kf4 Rf1+ 67. Kg5 Kf8 68. Rxc5 Ke7 69. Rc6 Re1 70. Re6+ Kf8 71. Ng6+ Kf7 72.
Nf4 Rg1 73. g4 Rd1 74. Kf5 Rf1 75. g5 Ra1 76. d6 Kg7 77. Re7+ Kg8 78. Kf6 Rf1
79. Re8+ Kh7 80. g6+ Kh6 81. Rh8# 1-0

[Event "Titled Tuesday 2021.03.23"]
[Site "chess.com INT"]
[Date "2021.03.23"]
[Round "4"]
[White "Hambleton, Aman"]
[Black "Perez Molina, R."]
[Result "1-0"]
[WhiteElo "2454"]
[BlackElo "2240"]
[PlyCount "81"]
[EventDate "2021.03.23"]
[EventType "swiss (blitz)"]
[EventRounds "11"]
[EventCountry "NET"]
[Source "Mark Crowther"]
[SourceDate "2021.03.29"]

1. d4 d5 2. Bf4 c6 3. e3 Qb6 4. b3 Nf6 5. Bd3 g6 6. Nf3 Bg7 7. O-O c5 8. Nc3
cxd4 9. Nb5 Na6 10. exd4 Bd7 11. a4 O-O 12. c4 Rfc8 13. Re1 Qd8 14. Qd2 Ne4 15.
Bxe4 dxe4 16. Rxe4 Nc5 17. Re3 Ne6 18. Be5 Bh6 19. d5 Nc5 20. Bb2 f6 21. Nbd4
Bxe3 22. Qxe3 Be8 23. Re1 Bf7 24. h4 Rc7 25. h5 a6 26. a5 Rac8 27. h6 Qf8 28.
Nh4 Re8 29. g4 e5 30. Ndf3 Qd6 31. g5 Nd7 32. gxf6 Qxf6 33. Ng2 Qf5 34. Nxe5
Nxe5 35. Bxe5 Rce7 36. f4 g5 37. Qg3 Bg6 38. d6 gxf4 39. Nxf4 Rxe5 40. Rxe5
Rxe5 41. d7 1-0

[Event "Titled Tuesday 2021.03.23"]
[Site "chess.com INT"]
[Date "2021.03.23"]
[Round "5"]
[White "Hambleton, Aman"]
[Black "Shimanov, A."]
[Result "1/2-1/2"]
[WhiteElo "2454"]
[BlackElo "2597"]
[PlyCount "136"]
[EventDate "2021.03.23"]
[EventType "swiss (blitz)"]
[EventRounds "11"]
[EventCountry "NET"]
[Source "Mark Crowther"]
[SourceDate "2021.03.29"]

1. d4 d5 2. Bf4 c5 3. e3 Nc6 4. c3 cxd4 5. exd4 Bf5 6. Nd2 e6 7. Ngf3 a6 8. Be2
Nf6 9. O-O Be7 10. Re1 O-O 11. Nh4 Be4 12. Nxe4 Nxe4 13. Nf3 Bd6 14. Bxd6 Nxd6
15. Bd3 Rc8 16. Re3 g6 17. Qe2 Na5 18. Ne5 Nac4 19. Nxc4 Nxc4 20. Rf3 Qg5 21.
g3 Rc7 22. h4 Qe7 23. h5 Qg5 24. hxg6 hxg6 25. Kg2 Kg7 26. Rh1 Nd6 27. Rf4 Rh8
28. Rxh8 Kxh8 29. Rh4+ Kg7 30. a4 Rc8 31. a5 Rh8 32. Rxh8 Kxh8 33. Qe5+ Qxe5
34. dxe5 Nc8 35. f4 Ne7 36. Kf3 Nc6 37. b4 Kg7 38. Ke3 Kf8 39. Kd2 g5 40. Be2
gxf4 41. gxf4 Ke7 42. Kd3 d4 43. Bf3 dxc3 44. Bxc6 bxc6 45. Kxc3 Kd7 46. Kd4
Kd8 47. Ke4 Kd7 48. f5 exf5+ 49. Kxf5 Ke7 50. Kf4 Kd7 51. Kf5 Ke7 52. Kf4 Kd7
53. Ke4 Kd8 54. Kd4 Kd7 55. Kc4 Kd8 56. Kc5 Kc7 57. Kd4 Kd8 58. Kd3 Kd7 59. Kc3
Kd8 60. Kb3 Kd7 61. Kc4 Kd8 62. Kd3 Kd7 63. Ke3 Kd8 64. Kf3 Kd7 65. Kf4 Ke6 66.
Ke4 Kd7 67. Ke3 Ke6 68. Kf4 Kd7 1/2-1/2

[Event "Titled Tuesday 2021.03.23"]
[Site "chess.com INT"]
[Date "2021.03.23"]
[Round "7"]
[White "Anton Guijarro, David"]
[Black "Hambleton, Aman"]
[Result "1-0"]
[WhiteElo "2673"]
[BlackElo "2454"]
[PlyCount "109"]
[EventDate "2021.03.23"]
[EventType "swiss (blitz)"]
[EventRounds "11"]
[EventCountry "NET"]
[Source "Mark Crowther"]
[SourceDate "2021.03.29"]

1. d4 Nf6 2. c4 e6 3. Nf3 b6 4. g3 Ba6 5. Nbd2 Bb4 6. Qc2 Bb7 7. Bg2 Be4 8. Qa4
Bxd2+ 9. Bxd2 O-O 10. O-O d6 11. Rfd1 Nbd7 12. Bc3 h6 13. Bf1 Bb7 14. Nd2 a6
15. Qc2 d5 16. Bg2 Qb8 17. cxd5 Nxd5 18. e4 Nxc3 19. bxc3 Rd8 20. a4 Nf6 21.
Rab1 Qc8 22. Nc4 Rb8 23. Ne5 Nd7 24. Ng4 Re8 25. h4 Qd8 26. Ne3 Qe7 27. c4 a5
28. Rb2 Ba8 29. Rdb1 Rbd8 30. Kh2 h5 31. Qe2 g6 32. Rd1 Nf6 33. e5 Nd7 34. Bxa8
Rxa8 35. f4 Red8 36. Rb3 Kg7 37. Ng2 Nb8 38. Ne1 Na6 39. Nf3 Nb4 40. Rb2 Rd7
41. Rbd2 Rad8 42. Qe4 Qe8 43. d5 Qe7 44. Nd4 Qe8 45. Nb5 Na6 46. d6 Nc5 47. Qc2
cxd6 48. Nxd6 Qf8 49. Rb1 Rb8 50. Rb5 Kg8 51. Qd1 Qd8 52. Rdb2 Nb7 53. Rxb6 Ra8
54. Rxb7 Ra7 55. Rxa7 1-0

[Event "Titled Tuesday 2021.03.23"]
[Site "chess.com INT"]
[Date "2021.03.23"]
[Round "8"]
[White "Hambleton, Aman"]
[Black "Brankovic, Dejan"]
[Result "0-1"]
[WhiteElo "2454"]
[BlackElo "2312"]
[PlyCount "134"]
[EventDate "2021.03.23"]
[EventType "swiss (blitz)"]
[EventRounds "11"]
[EventCountry "NET"]
[Source "Mark Crowther"]
[SourceDate "2021.03.29"]

1. d4 Nf6 2. c4 g6 3. Nc3 Bg7 4. e4 d6 5. f3 O-O 6. Be3 a6 7. Nge2 Nbd7 8. Qd2
c5 9. O-O-O Qa5 10. Kb1 b5 11. Nd5 Nxd5 12. cxd5 Qxd2 13. Rxd2 Bb7 14. Nc1 cxd4
15. Bxd4 Rfc8 16. Be2 Nc5 17. Rhd1 Rc7 18. b3 Rac8 19. Bxg7 Kxg7 20. Rc2 f5 21.
exf5 gxf5 22. Nd3 Nxd3 23. Rxc7 Rxc7 24. Rxd3 Rc5 25. f4 Rxd5 26. Rxd5 Bxd5 27.
g3 e5 28. b4 Kf6 29. a3 Bc4 30. Bd1 d5 31. Kc2 d4 32. Kd2 e4 33. Bh5 e3+ 34.
Kc2 d3+ 35. Kc3 Ke6 36. Bf3 d2 37. Bd1 Kd5 38. h3 e2 39. Kxd2 exd1=Q+ 40. Kxd1
Ke4 41. Kd2 h5 42. Kc3 h4 43. gxh4 Kxf4 44. Kd4 Kg3 45. h5 f4 46. h6 Bg8 47.
Ke5 f3 48. Kf6 Bh7 49. Kg7 Bd3 50. h4 f2 51. h7 Bxh7 52. h5 Kh4 53. h6 Bd3 54.
Kf6 f1=Q+ 55. Ke5 Qf3 56. Kd4 Qh5 57. Kc3 Qxh6 58. Kd4 Qd6+ 59. Kc3 Bc4 60. a4
Qd3+ 61. Kb2 Qb3+ 62. Kc1 Qxb4 63. a5 Qxa5 64. Kb2 Qb4+ 65. Ka1 Qc3+ 66. Kb1
Qd2 67. Ka1 Qa2# 0-1

[Event "Titled Tuesday 2021.03.23"]
[Site "chess.com INT"]
[Date "2021.03.23"]
[Round "10"]
[White "Musovic, A."]
[Black "Hambleton, Aman"]
[Result "0-1"]
[WhiteElo "2258"]
[BlackElo "2454"]
[PlyCount "136"]
[EventDate "2021.03.23"]
[EventType "swiss (blitz)"]
[EventRounds "11"]
[EventCountry "NET"]
[Source "Mark Crowther"]
[SourceDate "2021.03.29"]

1. a3 e5 2. Nc3 d5 3. d4 exd4 4. Qxd4 Be6 5. e4 Nc6 6. Bb5 dxe4 7. Qxe4 Qd7 8.
Bg5 h6 9. Rd1 Bd6 10. Bh4 a6 11. Ba4 Nge7 12. Bxe7 Qxe7 13. Bxc6+ bxc6 14.
Qxc6+ Bd7+ 15. Qe4 Rb8 16. Qxe7+ Kxe7 17. b4 Rhe8 18. Nge2 a5 19. O-O axb4 20.
axb4 Kf8 21. Nd4 Rxb4 22. Nb3 Rc4 23. Rd3 Bf5 24. Rf3 Bxc2 25. Na5 Rc5 26. Nb7
Rf5 27. Nxd6 cxd6 28. Rxf5 Bxf5 29. f3 Be6 30. Rd1 Ke7 31. Nb5 Rb8 32. Nd4 Rc8
33. Ra1 Kf6 34. h3 Ke5 35. Rd1 g5 36. Kf2 Rc4 37. Ne2 Rc2 38. Ke3 Bc4 39. Nd4
Rxg2 40. Rc1 d5 41. Re1 f5 42. Nc6+ Kd6 43. Nb8 Kc7 44. Rb1 Re2+ 45. Kd4 Kd6
46. Rb6+ Kc7 47. Rb1 f4 48. Kc5 Re6 49. Nd7 Kxd7 50. Rb7+ Ke8 51. Rh7 Kf8 52.
Kd4 Kg8 53. Ra7 Re3 54. h4 gxh4 55. Ra8+ Kg7 56. Ra1 Kf6 57. Rg1 Rxf3 58. Rh1
Kg5 59. Rg1+ Rg3 60. Re1 h3 61. Re8 Kg4 62. Rg8+ Kf3 63. Rh8 Kg2 64. Rxh6 h2
65. Ke5 f3 66. Kf4 f2 67. Ke5 f1=Q 68. Kd4 Qf4+ 0-1